Traités, Conférences et Accords - Statistiques

Statistiques générales
  • Ce quiz a été pris 132 fois
  • Le résultat moyen est 7 sur 28
Statistiques - réponses
Hint Date Réponse % Correct
Traité entre les Alliés et l'Empire allemand à l'issue de la Première Guerre mondiale. 28 juin 1919 Traité de Versailles
89%
Traité fondateur de l'Union européenne. Il structure l'Union européenne autour de trois piliers : les Communautés européennes, la Politique étrangère et de sécurité commune, et la coopération policière et judiciaire en matière pénale. 7 février 1992 Traité de Maastricht
71%
Accords étant le résultat de négociations entre les représentants du Gouvernement de la République française et du Gouvernement provisoire de la République algérienne (GPRA) pour mettre fin à la guerre d'Algérie 18 mars 1962 Accords d'Évian
51%
Conférence dont le but est
- D'adopter une stratégie commune afin de hâter la fin de la Seconde Guerre mondiale ;
- De régler le sort de l’Europe après la défaite du Troisième Reich ;
- De garantir la stabilité du nouvel ordre mondial après la victoire.
Du 4 au 11 février 1945 Conférence de Yalta
51%
Traité créé dans le but d'assurer la sécurité collective dans le contexte de la guerre froide. 24 aout 1949 Organisation du traité de l'Atlantique Nord
43%
Accords ayant pour but de régler la crise des Sudètes mais indirectement scellent la mort de la Tchécoslovaquie en tant qu'État indépendant. 30 septembre 1938 Accords de Munich
34%
Conférence ayant pour but de réguler le système monétaire international (SMI) après la fin de la Seconde Guerre mondiale. Du 1er au 22 juillet 1944 Conférence de Bretton Woods
33%
Accords visant à la paix entre Israël et l'Égypte 17 septembre 1978 Accords de Camp David
31%
Accords qui posent les premiers jalons d'une résolution du conflit israélo-palestinien. 13 septembre 1993 Accords d'Oslo
30%
Traité qui confirme l'armistice de Moudros (entre l'Empire ottoman et les Alliés). 10 août 1920 Traité de Sèvres
28%
Accords marquant la fin de la guerre d'Indochine qui, depuis 1946, opposait principalement la France au Viêt Minh dirigé par Hô Chi Minh. (1er accords de ce nom) 20 juillet 1954 Accords de Genève
21%
Traité qui fait suite au traité de Versailles et vient officialiser la dislocation de la l'Empire austro-hongrois à la fin de 1918. 4 juin 1920 Traité de Trianon
18%
Dernier traité résultant de la Première Guerre mondiale. Il précise les frontières de la Turquie issue de l’Empire ottoman et rend obligatoires des transferts de populations déjà commencés avec les génocides arménien et grec pontique, visant à rendre irréversible ce qui fut appelé « nettoyage ethnique » par l’historiographie grecque et « stabilisation de l'homogénéité ethnoreligieuse » par l’historiographie turque. 24 juillet 1923 Traité de Lausanne
17%
Traité qui établit la paix entre les alliés et l'Autriche, et consacre la dislocation de la Cisleithanie. 10 septembre 1919 Traité de Saint-Germain-en-Laye
17%
Conférence organisée par trois des puissances alliées victorieuses de la Seconde Guerre mondiale pour fixer le sort des nations ennemies. Du 17 juillet au 2 août 1945 Conférence de Potsdam
16%
Accords issus de la réponse précédente, étant des accords économiques dessinant les grandes lignes du système financier international de l'après-Seconde Guerre mondiale. juillet 1944 Accords de Bretton Woods
14%
Traité signé par la Finlande et l'Union soviétique qui marque la fin de la guerre d'Hiver et marque le début de la Grande Trêve. 12 mars 1940 Traité de Moscou
12%
Accord qui approuve la dislocation de l'Union soviétique et donne naissance à la Communauté des États indépendants (CEI). 8 décembre 1991 Accord de Minsk
11%
Accords qui mettent fin aux combats interethniques qui ont lieu en Bosnie-Herzégovine. 14 décembre 1995 Accords de Dayton
11%
Traité qui définit le cadre d'une coopération entre l'Allemagne et la France dans divers domaines. 22 janvier 1963 Traité de l'Élysée
10%
Traité qui vise à ce que la Bulgarie rende ou cède des territoires à ses voisins et payer des réparations de guerre aux Alliés. 27 novembre 1919 Traité de Neuilly
10%
Traité dans lequel les Alliés de la Seconde Guerre mondiale, principalement les États-Unis, l'URSS, le Royaume-Uni et la France négocient les détails du traité de paix avec l'Italie, la Roumanie, la Hongrie, la Bulgarie et la Finlande après la fin de la Seconde Guerre mondiale. 10 février 1947 Traité de Paris
10%
Traité international entre les représentants des deux Allemagnes (Allemagne de l'Ouest et Allemagne de l'Est), ainsi que les quatre puissances alliées de la Seconde Guerre mondiale, la France, les États-Unis, le Royaume-Uni et l'URSS 12 septembre 1990 Traité de Moscou
8%
Traité bilatéral entre la République fédérale d'Allemagne et la République française 22 janvier 2019 Traité d'Aix-la-Chapelle
7%
Traité qui représente l'étape finale de la guerre d'indépendance de la Lettonie et marque l'échec du gouvernement bolchevique à reprendre pied sur les rives de la Baltique. 11 août 1920 Traité de Rīga
7%
Accords qui marquent la fin de la première guerre d'Afghanistan, qui depuis 1979 secouait le territoire afghan. (2eme accords de ce nom) 14 avril 1988 Accords de Genève
6%
Traité de paix entre la Roumanie et les membres de la Quadruplice : l'Empire allemand, l'Autriche-Hongrie, la Bulgarie et l'Empire ottoman. 7 mai 1918 Traité de Bucarest
4%
Traité qui fait suite aux accords de la réponse précédente 26 mars 1979 Traité de paix israélo-égyptien
2%
Aucun quiz correspondant
Distribution des résultats
% des personnes avec chaque résultat
Percentile par nombre de réponses
Votre historique - résultats
Vous n’avez pas pris ce quiz